000 00358nam a22001217a 4500
082 _a220 PRO
100 _aAWIAS, ADNAN,TAHIR RASOOL
_972352
245 _aPR-SOF-1041-DESIGN OF A MINI POWER PLANT USING WIND AND
260 _aISLAMABAD
_bNUST COLLEGE OF EME
_c2010
650 _aDE-MECH-28
700 _aSUPERVISOR , DR MUHAMMAD SHAHID
_972353
942 _cCR
999 _c578420
_d578420